000 01732nas a2200277Ia 4500
001 R262-R5468
003 IT-CnALBA
008 170116c99999999xx |||||||||||| ||und||
040 _aIT-CnALBA
_cIT-CnALBA
041 _aLATINO
100 _aPIO XII, PAPA PACELLI EUGENIO.
210 _aACTA APOSTOLICAE SEDIS
222 _aACTA APOSTOLICAE SEDIS
245 0 _aACTA APOSTOLICAE SEDIS. GENNAIO-DICEMBRE 1958. COMMENTARIUM OFFICIALE.
250 _a1a ed.
260 _a ROMAE
_bTYPIS POLIGLOTTIS VATICANIS.
_c1958 [1° Ed.:1958 - Ed.Ling.Originale: 1958]
300 _a1098 p.
310 _aMENSILE/VARIABILE
362 _aFascicolo: 1-21 / Anno: 50 (1958)
500 _aCOMMENTARIO UFFICIALE. INDICE GENERALE DEGLI ATTI DEL PAPA. DELLE CONGREGAZIONI ROMANE, DEI TRIBUNALI. ATTI DEGLI UFFICI, COMMISSIONE PROPOSTA AL DIRITTO CANONICO PER LA CHIESA ORIENTALE. DIARIO, DELLA CURIA ROMANA. UDIENZE SOLENNI. SACRA CONGREGAZIONE DEI RITI. SEGRETERIA DI STATO, NECROLOGI. DOCUMENTI IN ORDINE CRONOLOGICO. NOMI DI PERSONA. DIOCESI. VICARIATI. ISTITUTI RELIGIOSI. INDICE ANALITICO DELLE COSE NOTEVOLI.
501 _aSocietà San Paolo EM - Piazza San Paolo, 14 - 12051 ALBA (CN) (non commercial uses only) ® Copyright 2017
520 _aCOMMENTARIO UFFICIALE. INDICE GENERALE DEGLI ATTI DEL PAPA. DELLE CONGREGAZIONI ROMANE, DEI TRIBUNALI. ATTI DEGLI UFFICI, COMMISSIONE PROPOSTA AL DIRITTO CANONICO PER LA CHIESA ORIENTALE. DIARIO, DELLA CURIA ROMANA. UDIENZE SOLENNI. SACRA CONGREGAZIONE DEI RITI. SEGRETERIA DI STATO, NECROLOGI. DOCUMENTI IN ORDINE CRONOLOGICO. NOMI DI PERSONA. DIOCESI. VICARIATI. ISTITUTI RELIGIOSI. INDICE ANALITICO DELLE COSE NOTEVOLI.
650 _aECCLESIOLOGIA
942 _cCR
957 _71
999 _a51770
_bNO
_g1
_c323986
_d323986